000 00667nam a22002177a 4500
001 35397
003 BD-RjUL
005 20211209052320.0
008 140524s1979 enk||||| |||| 001 0 eng d
035 _a(BD-RjUL)35491
040 _aBD-RjUL
_beng
_cBD-RjUL
041 _aeng
082 _a309.15404
_bMAW 1979
100 1 _a Madan G R
_9107799
245 _aWestern sociologists on Indian society :
_b Marx, Spencer, Weber, Durkheim, Pareto /
_cG R Madan
260 _aLondon :
_b Routledge & Kegan Paul,
_c1979.
300 _avii, 398, 15 p. ;
_c 23 cm.
504 _aIncludes Index
650 _a India -- Social conditions -- 1947-
_9107800
942 _2ddc
_cBK
999 _c35397
_d35397